Durungan : (Record no. 7858)

MARC details
000 -LEADER
fixed length control field 00585nam a22001937a 4500
003 - CONTROL NUMBER IDENTIFIER
control field OSt
005 - DATE AND TIME OF LATEST TRANSACTION
control field 20260127044727.0
008 - FIXED-LENGTH DATA ELEMENTS--GENERAL INFORMATION
fixed length control field 260127b |||||||| |||| 00| 0 eng d
040 ## - CATALOGING SOURCE
Original cataloging agency DWC-Main lib.
Transcribing agency OC
082 ## - DEWEY DECIMAL CLASSIFICATION NUMBER
Classification number SC. 890.4 B219d 2003
100 ## - MAIN ENTRY--PERSONAL NAME
Personal name Banzuela, Raffi
245 ## - TITLE STATEMENT
Title Durungan :
Remainder of title mga rawit-dawit/
Statement of responsibility, etc. Raffi Banzuela
260 ## - PUBLICATION, DISTRIBUTION, ETC.
Place of publication, distribution, etc. Daraga, Albay :
Name of publisher, distributor, etc. Fast Graphics Enterprise,
Date of publication, distribution, etc. c2003.
300 ## - PHYSICAL DESCRIPTION
Extent 145 p. ;
Dimensions 22 cm.
504 ## - BIBLIOGRAPHY, ETC. NOTE
Bibliography, etc. note Includes bibliography.
650 ## - SUBJECT ADDED ENTRY--TOPICAL TERM
Topical term or geographic name entry element 1. Philippine literature (Bikol).
700 ## - ADDED ENTRY--PERSONAL NAME
Personal name Belgica, Juan Rafael Jr.
942 ## - ADDED ENTRY ELEMENTS (KOHA)
Source of classification or shelving scheme Dewey Decimal Classification
Koha item type Special Collection
Classification part SC.
Suppress in OPAC No
952 ## - LOCATION AND ITEM INFORMATION (KOHA)
--
Holdings
Withdrawn status Lost status Source of classification or shelving scheme Damaged status Not for loan Home library Current library Shelving location Date acquired Source of acquisition Cost, normal purchase price Total Checkouts Full call number Barcode Date last seen Copy number Price effective from Koha item type Uniform Resource Identifier
    Dewey Decimal Classification     College Library College Library Special Collection 03/20/2007 School Fund 200.00   SC. 890.4 B219d 2003 CL44450 01/27/2026 c1 01/27/2026 SC